Cette Créature est-elle sur Minecraft ? - Statistiques

Statistiques générales
  • Ce quiz a été pris 5 196 fois
  • Le résultat moyen est 9 sur 20
Answers on the Grid
Answers color-coded by a green-red scale on the quiz's grid according to % correct below.
Zombie
Mouton
Souris
Vache
Moustique
Jinx
Creeper
Sorcière
Squelette
Enderman
Ange
Baleine
Loutre
Loup
Pillard
Rocher
Windigo
Chien
Renard
Terroriste
Fantôme
Vagabond
Chat
Chameau
Herobrine
Ocelot
Chômeur
Warden
Léopard
Antoine Daniel
Harkx
Ikea
Thall
Greed
Villageois
Kangourou
Tortue
Vex
Marchand ambulant
Blaze
 
Statistiques - réponses
Réponse % Correct
Mouton
51%
Villageois
51%
Loup
50%
Squelette
50%
Vache
50%
Zombie
50%
Creeper
49%
Chat
48%
Enderman
48%
Sorcière
47%
Tortue
47%
Blaze
46%
Ocelot
43%
Marchand ambulant
42%
Renard
42%
Warden
42%
Pillard
40%
Chien
38%
Vex
32%
Vagabond
30%
Aucun quiz correspondant
Distribution des résultats
% des personnes avec chaque résultat
Percentile par nombre de réponses
Votre historique - résultats
Vous n’avez pas pris ce quiz